| 000 | 00404cam a22001337a 4500 | ||
|---|---|---|---|
| 008 | 180718b1960 xxu||||| |||| 00| 0 eng d | ||
| 082 | _aT421x54 A163 | ||
| 100 | _aAlamaula, Nalinkuar I. | ||
| 245 |
_aOperations of the Reserve Bank of India (1935-1954) _cby Nalinkuar I. Almaula |
||
| 260 |
_aBombay _bAsia _c1960 |
||
| 300 | _a211p. | ||
| 650 | _aBanks, Central - India | ||
| 650 | _aReserve Bank of India | ||
| 999 |
_c477957 _d477957 |
||